Aprender de la ansiedad : (Record no. 196145)

MARC details
000 -CABECERA
campo de control de longitud fija 00727nam a2200241 u 4500
005 - FECHA Y HORA DE LA ÚLTIMA TRANSACCIÓN
campo de control 20231012063601.0
008 - ELEMENTOS DE LONGITUD FIJA--INFORMACIÓN GENERAL
campo de control de longitud fija 180416s2013 r 000 0 eng d
020 ## - NÚMERO INTERNACIONAL NORMALIZADO PARA LIBROS
Número Internacional Estándar del Libro 9788433026248
035 ## - NÚMERO DE CONTROL DEL SISTEMA
Número de control de sistema UPN01000224048
049 ## - COLECCIÓN
Colección CG
050 #4 - SIGNATURA TOPOGRÁFICA DE LA BIBLIOTECA DEL CONGRESO
Número de clasificación BF575 A6
Número de documento/Ítem M6.3 2013
100 1# - ASIENTO PRINCIPAL--NOMBRE PERSONAL
Nombre de persona Moreno, Pedro,
Fechas asociadas al nombre 1968-
9 (RLIN) 42029
245 10 - MENCIÓN DE TÍTULO
Título Aprender de la ansiedad :
Resto del título la sabiduria de las emociones /
Mención de responsabilidad, etc. Pedro Moreno.
250 ## - MENCIÓN DE EDICIÓN
Mención de edición 2a ed.
260 ## - PUBLICACIÓN, DISTRIBUCIÓN, ETC.
Lugar de publicación, distribución, etc. Bilbao, Esp. :
Nombre del editor, distribuidor, etc. Desclée De Brouwer,
Fecha de publicación, distribución, etc. 2013.
300 ## - DESCRIPCIÓN FÍSICA
Extensión 324 p. :
Otras características físicas il., tablas
440 #0 - MENCIÓN DE SERIE/ASIENTO SECUNDARIO--TÍTULO
Título Crecimiento personal.
Nombre de parte o sección de la obra Serendipity ;
Designación de volumen o secuencia 170
650 #7 - ASIENTO SECUNDARIO DE MATERIA - TERMINO TEMATICO
Término de materia o nombre geográfico como elemento de entrada Ansiedad
Fuente del encabezamiento o término
9 (RLIN) 4750
650 #2 - ASIENTO SECUNDARIO DE MATERIA - TERMINO TEMATICO
Término de materia o nombre geográfico como elemento de entrada Ataques de pánico
9 (RLIN) 15986
650 #2 - ASIENTO SECUNDARIO DE MATERIA - TERMINO TEMATICO
Término de materia o nombre geográfico como elemento de entrada Autopercepción
9 (RLIN) 3822
905 ## - TIPO DE MATERIAL
Tipo de material Libro
Holdings
Estado de retiro Estado de pérdida Fuente del sistema de clasificación o colocación Estado dañado No para préstamo Código de colección Localización permanente Ubicación/localización actual Ubicación en estantería Fecha de adquisición Total de préstamos Renovaciones totales Clasificación Código de barras Fecha visto por última vez Fecha del último préstamo Número de copia Tipo de ítem Koha
    Library of Congress Classification     Colección General Bib. Gregorio Torres Quintero Bib. Gregorio Torres Quintero Planta baja 09/08/2022 8 1 BF575 A6 M6.3 2013 323651 27/08/2025 13/08/2025 1 Libro
    Library of Congress Classification     Colección General Bib. Gregorio Torres Quintero Bib. Gregorio Torres Quintero Planta baja 07/03/2022 5 1 BF575 A6 M6.3 2013 323650 30/05/2023 27/04/2023 1 Libro